[Event "Reykjavik op"]
[Site "Reykjavik"]
[Date "2024.03.18"]
[Round "6"]
[White "Jonsson, Johann"]
[Black "Hasini, Kamabathula"]
[Result "1-0"]
[WhiteElo "1875"]
[BlackElo "1612"]
[PlyCount "29"]
[EventDate "2024.03.15"]
[EventType "swiss"]
[EventRounds "9"]
[EventCountry "ISL"]
[SourceTitle "CB13_2024"]
[SourceDate "2024.03.27"]
[SourceVersion "1"]
[SourceVersionDate "2024.03.27"]
[SourceQuality "1"]

1. e4 e5 2. d4 exd4 3. Qxd4 Nc6 4. Qe3 d6 5. Nc3 Nf6 6. h3 Be7 7. Bd2 Ne5 8. f4 Ng6 9. 0-0-0 Bd7 10. e5 dxe5 11. fxe5 Ng8 12. Nf3 c6 13. Ne4 Qb6 14. Qe1 Bf5 15. Ba5 1-0

[Event "Reykjavik Kvika op"]
[Site "Reykjavik"]
[Date "2022.04.09"]
[Round "5"]
[White "Hreinsson, Johann Helgi"]
[Black "Jonsson, Johann"]
[Result "0-1"]
[WhiteElo "1406"]
[BlackElo "1770"]
[PlyCount "66"]
[EventDate "2022.04.06"]
[EventType "swiss"]
[EventRounds "9"]
[EventCountry "ISL"]
[SourceTitle "CBM 207 Extra"]
[Source "ChessBase"]
[SourceDate "2022.05.31"]
[SourceVersion "1"]
[SourceVersionDate "2022.05.31"]
[SourceQuality "1"]

1. d4 d5 2. c4 c6 3. cxd5 cxd5 4. Nc3 Nc6 5. Nf3 Nf6 6. Bf4 a6 7. h3 Bf5 8. e3 Qb6 9. Qd2 e6 10. Be2 Ne4 11. Qc1 Be7 12. 0-0 0-0 13. a3 Rac8 14. Nxe4 Nxd4 15. Qd1 Nxe2+ 16. Qxe2 Bxe4 17. Ne5 Rfd8 18. Qh5 Bg6 19. Nxg6 hxg6 20. Qe2 Bf6 21. Rab1 Qb3 22. g4 Rc2 23. Qd1 Rdc8 24. g5 Bxb2 25. Be5 Qxa3 26. Rxb2 Rxb2 27. Qd4 Rb4 28. Qd1 Re4 29. Bf4 Rec4 30. Qf3 Rc1 31. Be5 Rxf1+ 32. Kxf1 Qd3+ 33. Kg2 Qe4 0-1